Central Library || Chittagong University

Democratic governance in Bangladesh : (Record no. 112823)

MARC details
000 -LEADER
fixed length control field 00673nam a22001817a 4500
003 - CONTROL NUMBER IDENTIFIER
control field BD-ChCU
005 - DATE AND TIME OF LATEST TRANSACTION
control field 20260510120032.0
008 - FIXED-LENGTH DATA ELEMENTS--GENERAL INFORMATION
fixed length control field 260510b bg ||||| |||| 00| 0 ben d
020 ## - INTERNATIONAL STANDARD BOOK NUMBER
International Standard Book Number 9781032333526
040 ## - CATALOGING SOURCE
Transcribing agency BD-ChCU
082 ## - DEWEY DECIMAL CLASSIFICATION NUMBER
Classification number 351.5492 A286d
100 ## - MAIN ENTRY--PERSONAL NAME
Personal name Ahmed, Nizam
9 (RLIN) 22678
245 ## - TITLE STATEMENT
Title Democratic governance in Bangladesh :
Remainder of title : dilemmas of governing /
Statement of responsibility, etc. Nizam Ahmed.
260 ## - PUBLICATION, DISTRIBUTION, ETC.
Place of publication, distribution, etc. New york:
Name of publisher, distributor, etc. Taylor and Francis
Date of publication, distribution, etc. 2023
300 ## - PHYSICAL DESCRIPTION
Extent 225p.
650 #0 - SUBJECT ADDED ENTRY--TOPICAL TERM
Topical term or geographic name entry element Introduction -- The executive government -- Parliament-government relations -- Parliament-judiciary relations -- Executive-judiciary relations -- Political executives
9 (RLIN) 22682
942 ## - ADDED ENTRY ELEMENTS (KOHA)
Source of classification or shelving scheme Dewey Decimal Classification
Koha item type Books
Suppress in OPAC No
Holdings
Withdrawn status Lost status Source of classification or shelving scheme Damaged status Not for loan Home library Current library Shelving location Date acquired Total Checkouts Full call number Barcode Date last seen Price effective from Koha item type
    Dewey Decimal Classification     Chittagong University Library Chittagong University Library Business and Social Science Reading Room 05/10/2026   351.5492 A286d 345665 05/10/2026 05/10/2026 Books
© Copyright 2026. Chittagong University Library, Installation and Maintenance by Prof. Dr. Md. Alamgir, 01711306253